[Event "Jermuk FIDE GP"]
[Site "Jermuk"]
[Date "2009.08.22"]
[Round "12"]
[White "Leko, Peter"]
[Black "Aronian, Levon"]
[Result "1/2-1/2"]
[WhiteElo "2756"]
[BlackElo "2768"]
[Annotator "Marin,M"]
[PlyCount "90"]
[EventDate "2009.08.09"]
[EventType "tourn"]
[EventRounds "13"]
[EventCountry "ARM"]
[EventCategory "19"]
[SourceTitle "CBM 132"]
[Source "ChessBase"]
[SourceDate "2009.09.16"]
[SourceVersion "1"]
[SourceVersionDate "2009.09.16"]
[SourceQuality "1"]

1. e4 e5 2. Nf3 Nc6 3. Bb5 a6 4. Ba4 Nf6 5. O-O Be7 6. Re1 b5 7. Bb3 O-O 8. d4
Nxd4 9. Nxd4 ({For the more spectacular} 9. Bxf7+ {see Kamsky,G (2717)-Leko,P 
(2756)/Jermuk 2009/CBM 132/[Marin] (1/2, 28)}) 9... exd4 10. e5 Ne8 11. c3 dxc3
12. Nxc3 {In a way, this may be frustrating for a Marshall player. Instead of
obtaining an advance in development in exchange of the sacrificed pawn, Black
finds himself in the reversed situation! This probably explains why this line
has become increasingly popular lately.} d6 13. Qf3 {White develops with gain
of time, but leaves the d5-square free for the knight.} ({The alternative is} 
13. Bd5 $5 {Dominguez Perez,L (2717)-Aronian,L (2750)/Wijk aan Zee 2009/CBM
129/[Marin] (1-0, 36)}) 13... Be6 14. Nd5 {White intends to eliminate one of
the enemy bishops, which, given the open character of the position and Black's
poor coordination, is likely to offer him long term compensation.} (14. Bf4 {
Jakovenko,D (2708)-Karjakin,S (2686)/Foros 2007/CBM 119/[Marin] (1/2, 29)})
14... Rc8 ({Optically, it looks dangerous to give up the light squared bishop
with} 14... Bxd5 {, but in the latest game at high level, White failed to find
ways to develop his initiative.} 15. Bxd5 Rb8 (15... Rc8 $6 {only gives White
time to develop his initiative with} 16. Bb7 {[%cal Gb7a6]}) 16. Be3 {This
developing move threatens to win the exchange with Ba7, in a similar way as
this happened in the 8th game of the Fischer - Spassky match, back in 1972.} (
16. Bf4) (16. Rd1 c5 17. a4 Qc7 18. axb5 axb5 19. Bd2 dxe5 20. Ba5 Qc8 21. Bc3)
16... c5 (16... dxe5 $6 17. Ba7 $14 {does not seem to offer Black sufficient
compensation for the exchange, because his pawns are not too dangerous.}) 17.
Rad1 (17. Red1 {Espejo Hava,F-Hofmann,A/ICCF-Cup8/9 V050 corr 1990/Corr 2000 
(1-0, 21)} Qc7) 17... Qc7 18. e6 fxe6 19. Bxe6+ Kh8 20. Qh3 g6 {White has a
very active position, and some domination on the light squares, but Black
threatens to occupy the d4-square after ...Ng7-f5 and ...Bf6.} 21. b4 c4 22.
Bd5 Bf6 23. Be4 Qf7 24. Bd5 Qc7 25. Be4 Qf7 26. Bd5 {1/2 Timofeev,A (2657)
-Sutovsky,E (2607)/Montreal 2006/CBM 114}) (14... Rb8 15. Bf4 (15. Nxe7+ Qxe7
16. Bf4 {transposes to a similar position as in the main game, but with the
black queen's rook more passively placed, since it does not defend the
backward c7-pawn.}) 15... Bxd5 16. Bxd5 dxe5 17. Bxe5 Bf6 18. Rad1 Bxe5 (18...
Nd6 19. Bc6 $44) 19. Rxe5 (19. Bxf7+ Rxf7 20. Rxd8 Rxd8 21. Qc6 Nf6 $17 {
Popovic,D (2557)-Jenni,F (2638)/playchess.com INT 2007/EXT 2008 (1-0, 75)})
19... Qf6 {White has some compensation in view of the weakened Black queenside,
but not more than that.}) 15. Bf4 dxe5 ({Preserving the bishop from exchange
with} 15... Bg5 $6 {loses time and allows White get a perfect development and
excellent attacking chances with} 16. Rad1 $1 Kh8 (16... Bxf4 $2 17. Nxf4 Bxb3
18. Qxb3 Kh8 19. e6 $1) 17. Bc2 ({The spectacular} 17. Bg3 c6 18. exd6 {
eventually led to complete simplifications and a draw:} Bxd5 19. Bxd5 cxd5 20.
Qxd5 Rc2 21. d7 Nc7 22. Bxc7 Rxc7 23. Qd6 Ra7 24. Qxf8+ Qxf8 25. Re8 Ra8 {
1/2 Tseshkovsky,V (2510)-Malaniuk,V (2575)/Minsk 1987/URS-ch}) 17... f5 18. Qh5
h6 19. Bxg5 Qxg5 20. Qxg5 hxg5 21. Ne7 $18 {Gurevich,I (2510)-Nunn,J (2595)/
Hastings 1992/CBM 033 (1-0, 30)}) 16. Nxe7+ (16. Bxe5 Bd6 17. Rad1 Bxe5 18.
Rxe5 Bxd5 19. Rexd5 Nd6 20. Qf4 $44 {Henrichs,T (2483)-Gustafsson,J (2584)/Bad
Koenigshofen 2007/CBM 116 ext (1/2, 33)}) 16... Qxe7 17. Bxe5 Nd6 18. Qc3 $5
$146 {With this new move, White puts both enemy wings under pressure.} (18.
Bxe6 fxe6 19. Qc6 Qe8 20. Rac1 Nc4 21. Qe4 Qf7 {1/2 Adams,M (2726)-Aronian,L 
(2739)/Wijk aan Zee 2008/CBM 122}) 18... Qg5 (18... Bxb3 $2 19. Bxg7 Be6 20.
Bf6 $18) (18... Nf5 19. Bxe6 fxe6 20. Qc6 $14) 19. Bxe6 fxe6 {White has an
active bishop and the more compact structure. Black faces some problems
defending his numerous weaknesses. The only question is whether White's
compensation is enough to offer him anything else than the more pleasant side
of a draw.} 20. b3 {As will be seen, this move is intended to restrict the
enemy knight only, but not to prepare a retreat for the bishop to b2.} Qg6 21.
Qc6 {White's queen and bishops have occupied excellent squares. Black has to
start fighting against them before White's domination becomes too strong.} Nf7
({The alternative way to start carrying out the aforementioned plan is} 21...
Qe8 $6 {, but this would allow White to retrieve the pawn and keep all the
positive aspects of his position.} 22. Rac1 $1 (22. Qxa6 $2 Ra8) 22... Qxc6 23.
Rxc6 $16) 22. Bg3 {The more ambitious retreat. White does not wish to give up
his active bishop.} (22. Qxa6 $14) ({The bishop would be less stable after} 22.
Bb2 {, failing to protect the own kingside at the same time.}) 22... e5 {
Finally, Black has managed to establish some connection between his opposite
wings. He is ready to return the pawn in order to provoke some simplifications.
} 23. Rac1 Qf6 {This is the best way to maintain the tension.} (23... Rfd8 {
would leave the black structure weak after} 24. Qxg6 hxg6 25. Rc6 Rd6 26. Rec1
Rcd8 27. Kf1 $14) 24. h3 $6 {This looks too slow. There was no immediate need
to insure the king against back rank problems.} (24. Qxf6 gxf6 {consolidates
Black's e5-pawn and leaves the g3-bishop somewhat out of play.} 25. Rc6 Nd6
$132) (24. a4 $1 {seems to recover the pawn under favourable circumstances:}
bxa4 25. Qxa4 Rfd8 26. Rc6 Rd6 27. Rxc7 $1 $14 {The crucial move, which is not
easy to foresee, though.} Rxc7 $2 28. Qe8#) 24... Rfd8 25. Rc2 h5 {Black has
activated his position and has little to fear.} 26. Qxf6 gxf6 27. Rc6 Kg7 {
It seems that it is White who has to look for ways to reach a draw already.
Black has a harmonious position and the g3-bishop ceased to be a dangerous
piece.} 28. f4 (28. Rxa6 Rd3 {[%cal Gf7d6]}) 28... Rd3 29. Kh2 Rd6 30. Rc5 Re6
31. a4 bxa4 32. bxa4 Kg6 33. fxe5 Nxe5 34. Bxe5 fxe5 35. Kg3 Kf6 36. Kf3 c6 37.
Rec1 Rd6 38. R1c4 Kf5 39. g4+ hxg4+ 40. hxg4+ Kf6 41. Ke4 Rg8 42. Ke3 Ke6 43.
Rxc6 Rxc6 44. Rxc6+ Kd5 45. Rxa6 Rxg4 1/2-1/2

[Event "Dortmund final"]
[Site "Dortmund"]
[Date "2004.07.30"]
[Round "1.6"]
[White "Leko, Peter"]
[Black "Anand, Viswanathan"]
[Result "0-1"]
[WhiteElo "2741"]
[BlackElo "2782"]
[Annotator "Marin,M"]
[PlyCount "166"]
[EventDate "2004.07.29"]
[EventType "k.o."]
[EventRounds "4"]
[EventCountry "GER"]
[SourceTitle "CBM 103"]
[Source "ChessBase"]
[SourceDate "2004.11.11"]
[SourceVersion "1"]
[SourceVersionDate "2004.11.11"]
[SourceQuality "1"]

1. e4 e5 2. Nf3 Nc6 3. Bb5 a6 4. Ba4 Nf6 5. O-O Be7 6. Re1 b5 7. Bb3 O-O 8. h3
Bb7 9. d3 d6 10. a3 Na5 11. Ba2 c5 12. Nbd2 Bc8 13. c3 Be6 14. Bxe6 fxe6 15. b4
cxb4 16. axb4 Nc6 17. Qb3 Qd7 18. Bb2 h6 19. Ra2 Rfb8 20. Rea1 Qc8 21. Nf1 d5
22. Ng3 Kh8 23. Bc1 Bd6 24. Be3 Qb7 25. exd5 exd5 26. Nf5 Bf8 27. d4 e4 28. Ne5
Re8 29. Bf4 Kh7 30. Ng4 Nxg4 31. hxg4 Red8 32. Ne3 Ne7 33. Ra3 Ng6 34. Bg3 Bd6
35. Qa2 Bxg3 36. fxg3 Rd6 37. Rf1 Rf8 38. Rf5 Rxf5 39. gxf5 Ne7 40. Qf2 Ng8 41.
Qf4 Qe7 42. g4 Qg5 43. g3 Nf6 44. Kg2 Rc6 45. Kf2 Kg8 46. Ke2 Kh7 47. Kd2 Kg8
48. Ra1 Kf7 49. Kc2 Kg8 50. Kb3 Kf7 51. Re1 Kg8 52. Qb8+ Kh7 53. Qb7 Rd6 54.
Qc7 Rd7 55. Qc6 h5 56. Qxa6 Nxg4 57. Qxb5 Rd8 58. Nxg4 Qxg4 59. Qb6 Rf8 60.
Qg6+ Qxg6 61. fxg6+ Kxg6 62. b5 Kg5 63. c4 dxc4+ 64. Kxc4 Kg4 65. Rxe4+ Kxg3 {
This is a remarkable example where the isolated pawns are (or should have been)
a perfect match for the connected pawns. Dies ist ein bemerkenswertes Beispiel,
wo die isolierten Bauern die verbundenen Freibauern absolut aufwiegen (bzw.
hätten aufwiegen sollen).} 66. Re5 Kg4 {Black has to preserve both his pawns
in order to avoid trouble. Schwarz muss seine beiden Bauern behalten, um sich
Unanehmlichkeiten zu ersparen.} (66... h4 $2 67. Rg5+ Kf2 68. Rxg7 h3 69. Rh7
Kg2 70. b6 h2 71. d5 Rf1 $5 (71... h1=Q 72. Rxh1 Kxh1 73. d6 $18) 72. d6 Rc1+
73. Kb5 Rb1+ 74. Kc6 Rc1+ 75. Kd7 Rb1 76. Kc7 Rc1+ 77. Kb8 Rd1 78. b7 $1 Rxd6
79. Kc7 $18 {[%cal Rb7b8,Rc7d6]}) 67. Re4+ Kg3 68. Re5 Kg4 69. d5 $5 {A brave
decision, which doesn't change the evaluation of the position, however. Eine
tapfere Entscheidung, die allerdings nichts an der Stellungsbewertung ändert.}
h4 70. d6 h3 71. Re1 h2 72. Kc5 Kh3 73. Kc6 $6 {White places his king on an
unfavourable square. Weiß platziert seinen König auf einem ungünstigen Feld.} (
{Simpler would have been Einfacher gewesen wäre} 73. d7 g5 74. Kd6 g4 75. Re8
h1=Q 76. Rxf8 $11 {when Black has nothing better than give perpetual check. ,
wonach Schwarz nichts Besseres hat als Dauerschach.}) 73... g5 74. d7 g4 75.
Kc7 $6 {Although this is not the decisive mistake yet, it certainly creates
White huge practical problems. Leko probably overlooked Black's 76th move.
Obwohl dies noch nicht der entscheidende Fehler ist, stellt er den Weißen doch
vor große praktische Probleme. Leko hat wahrscheinlich den 76. Zug von Schwarz
übersehen.} (75. Re8 $2 {is bad in view of ist schlecht wegen} h1=Q+ {. Here
we can see that the king is exposed on c6. Hier können wir sehen, dass der
König auf c6 exponiert steht.}) (75. Kd6 $1 g3 76. Re8 Rf1 (76... h1=Q 77. Rxf8
$11) 77. Rh8+ Kg2 (77... Kg4 78. Rg8+ Kf3 79. Rf8+ Kg2 80. Rxf1 Kxf1 81. d8=Q
h1=Q 82. Qf6+ $11) 78. d8=Q (78. b6 $11) 78... Rd1+ 79. Kc7 Rxd8 80. Kxd8 Kf1
81. b6 $11) 75... g3 76. Re8 (76. b6 g2 $19) 76... Rf7 $1 $19 {Pinning the
pawn and winning a decisive tempo. Fesselt den Bauern und gewinnt ein
entscheidendes Tempo.} 77. Rh8+ Kg4 {Compared with a previous line (see 75.Kd6)
the black king can find a shelter on the f-file. Im Vergleich zum vorigen
Abspiel (siehe 75.Kd6) kann der schwarze König in der f-Linie Zuflucht finden.}
78. b6 $2 {Only this is the decisive mistake. Erst das ist der Verlustzug.} ({
However, for a human it would have been practically impossible to foresee that
after Doch für Menschen ist es fast unmöglich vorauszusehen, dass nach} 78. Kc8
Rxd7 79. Kxd7 g2 80. Rxh2 g1=Q {the move der Zug} 81. Rh6 $8 {draws (according
to tablebases). Therefore, from a practical point of view Leko should put his
blame mainly on his 75th move. remisiert (gemäß den Tablebases). Deshalb
sollte sich Leko vor allem über seinen 75. Zug ärgern.}) 78... g2 79. b7 g1=Q
80. Rg8+ Kf3 81. b8=Q {Both sides have promoted their main candidates, but
Black's turn to move proves decisive. Beide Seiten haben ihre Hauptkandidaten
umgewandelt, aber die Tatsache, dass Schwarz am Zug ist, erweist sich als
entscheidend.} Qc5+ 82. Kb7 (82. Kd8 Qe7+ 83. Kc7 Qxd7+ 84. Kb6 Qd4+ 85. Ka5
Rf5+ $40) 82... Rxd7+ 83. Ka6 Rd6+ 0-1

[Event "Paris FIDE GP"]
[Site "Elancourt"]
[Date "2013.09.28"]
[Round "6"]
[White "Bacrot, Etienne"]
[Black "Tomashevsky, Evgeny"]
[Result "1/2-1/2"]
[WhiteElo "2723"]
[BlackElo "2706"]
[Annotator "Marin,M"]
[PlyCount "68"]
[EventDate "2013.09.22"]
[EventType "tourn"]
[EventRounds "11"]
[EventCountry "FRA"]
[EventCategory "20"]
[SourceTitle "CBM 157"]
[Source "ChessBase"]
[SourceDate "2013.11.12"]
[SourceVersion "1"]
[SourceVersionDate "2013.11.12"]
[SourceQuality "1"]
[WhiteClock "2:00:00"]
[BlackClock "2:00:00"]

1. e4 e5 2. Nf3 Nc6 3. Bb5 a6 4. Ba4 Nf6 5. O-O Be7 6. Re1 b5 7. Bb3 O-O 8. a4
b4 9. d3 d6 10. Nbd2 Be6 $5 {I made a survey of this variation in my comments
to the game Leko,P (2751)-Grischuk,A (2726)/Mexico City 2007/CBM 120/[Marin,M]
(1-0. 60), see below.} 11. Bxe6 fxe6 12. c3 ({The aforementioned game went} 12.
Nf1 {Leko,P (2751)-Grischuk,A (2726)/Mexico City 2007/CBM 120/[Marin,M] (1-0.
60)}) 12... d5 $5 $146 {Bacrot confessed that this came as a surprise for him,
although he had some previous experience with this line... as Black!
Tomashevsky declared that he did not find clear equality for Black in the
games played before. This must have come as the result of very deep analysis,
since at first sight things seem to be balanced. Anyway, Tomashevsky thought
that his novelty would be a better try than anything tried before.} (12... Rb8
13. Qe2 (13. Nf1 bxc3 14. bxc3 Na5 15. Ra2 c5 16. d4 exd4 17. cxd4 Nb3 18. dxc5
Nxc5 19. Ng3 Rb1 $132 {Carlsen,M (2714)-Bacrot,E (2695)/Heraklio 2007/CBM 121 
(1/2, 30)}) 13... Qe8 (13... Nh5 14. Nf1 Qe8 15. d4 bxc3 16. bxc3 exd4 17. Nxd4
Nxd4 18. cxd4 Qf7 19. Be3 Nf4 20. Qc2 c5 $132 {Ter Sahakyan,S (2580)-Fressinet,
L (2703)/Leon 2012/EXT 2013 (1/2, 42)}) (13... Qd7 14. Nc4 bxc3 15. bxc3 Rb3
16. Bd2 Re8 17. h3 Bf8 18. Rec1 Qc8 19. Bg5 Nd7 20. Qa2 $14 {Dominguez Perez,L
(2723)-Almasi,Z (2689)/Havana 2013/CBM 154 (1/2, 54)}) 14. d4 bxc3 15. bxc3
exd4 16. Nxd4 Nxd4 17. cxd4 Rb4 $132 {Hou,Y (2527)-Bacrot,E (2700)/Wijk aan
Zee 2008/CBM 122 (0-1, 76)}) 13. Qe2 Bc5 14. Nb3 Ba7 {Black has activated his
bishop and the better control in the centre and the pressure against the
f2-pawn compensate in principle for the weakness of the doubled pawns.} 15. Be3
{This cautious move reduces the tension a lot, gradually leading to a logical
draw.} (15. c4 {would lead to more interesting play.} dxc4 ({White's main idea
is revealed after a neutral move such as:} 15... Qd6 16. cxd5 exd5 17. Be3 $14
{[%cal Ga1c1,Gc1c7]}) 16. dxc4 Nd4 ({There is no time for} 16... Nd7 {hoping
for ...Nc5, exchanging the b3-knight and only then ...Nd4 because of} 17. Be3
Bxe3 18. Qxe3 Qe7 19. Rad1 a5 20. c5 $14) 17. Nbxd4 exd4 (17... Bxd4 {loses a
pawn:} 18. Rd1 c5 19. Nxe5 $16) 18. Ne5 Nd7 19. Nd3 {White's blockade looks
comfortable, but he is slightly underdeveloped and Black can pose some
concrete problems.} Nc5 20. Bd2 a5 21. f4 (21. Nxc5 Bxc5 22. Qd3 e5) 21... Nb3
22. Ra2 (22. Rab1 Qd7 {[%csl Ga4]}) 22... Qd7 23. Qd1 Nc5 24. Bc1 {[%cal Gb2b3,
Ga2f2]} b3 25. Ra1 Rab8 $13 {Play is far less one-sided than White would have
hoped for.}) ({Tomashevsky also mentioned} 15. h3 $5 {as an alternative, but
it is not too clear what White should do next apart from Bc1-e3 anyway.}) 15...
Bxe3 16. Qxe3 bxc3 17. bxc3 Qd6 18. Nbd2 h6 $5 {Tomashevsky had a relatively
long think before playing this move: 17 minutes! He thought that White would
not have any other constructive plan than d3-d4, so he intended to be prepared
in the best way for it.} (18... Rab8 {[%csl Ga6,Gg5,Gg8]} 19. d4 exd4 20. cxd4
Nxe4 21. Nxe4 dxe4 22. Qxe4 Rf4 23. Qxe6+ Qxe6 24. Rxe6 Nxd4 25. Nxd4 Rxd4 26.
Rxa6 $14 {/=}) 19. d4 {Also played after a long period of thought: 16 minutes!
It may also be a bit premature.} (19. exd5 {is ineffective for several reasons.
} Nxd5 (19... exd5 20. Nxe5 Rae8 21. d4 Ng4 $1 $11) 20. Qe4 Rf4 (20... Nxc3 21.
Qc4 Nd5 22. Rac1 Ndb4 23. Ne4 Qd5 24. Nc5 Rf4 25. Qxd5 exd5 26. Nxe5 Nd4 $13)
21. Qg6 Nde7 $11) ({White could try to continue the sit and wait game, keeping
d3-d4 in reserve. In the event of mass exchanges, it might be useful to avoid
back rank problems.} 19. h3 $5) 19... exd4 {The simplest.} 20. cxd4 Nxe4 21.
Nxe4 dxe4 22. Qxe4 Rf4 23. Qxe6+ Qxe6 24. Rxe6 Nxd4 25. Nxd4 Rxd4 {Play has
simplified and White cannot avoid a drawn rook ending.} 26. Rc6 ({It would be
too late now for} 26. h3 {with the hope of doubling rooks on the seventh rank:}
a5 27. Rc1 Rc8 $11) 26... Rad8 {Had he played h2-h3 at some earlier point,
White would have retained chances for an advantage due to the presence of four
rooks and the weakened seventh rank. The way it is, Black is in time to
exchange one pair of rooks.} 27. g3 R8d6 28. Rxc7 Rd1+ 29. Rxd1 Rxd1+ 30. Kg2
Rd4 31. Rc8+ Kf7 32. Rc7+ Kg8 33. Rc8+ Kf7 34. Rc7+ Kg8 1/2-1/2

[Event "Metz op 31th"]
[Site "Metz"]
[Date "2013.04.23"]
[Round "6"]
[White "Dgebuadze, Alexandre"]
[Black "Greenfeld, Alon"]
[Result "0-1"]
[WhiteElo "2515"]
[BlackElo "2545"]
[Annotator "Metz Alekhine/Primel,D"]
[PlyCount "46"]
[EventDate "2013.04.20"]
[EventType "swiss"]
[EventRounds "9"]
[EventCountry "FRA"]
[SourceTitle "EXT 2016"]
[Source "ChessBase"]
[SourceDate "2015.10.08"]
[SourceVersion "1"]
[SourceVersionDate "2015.10.08"]
[SourceQuality "1"]
[TimeControl "40/5400:1800+30"]
[WhiteClock "1:30:00"]
[BlackClock "1:30:00"]

1. e4 e5 2. Nf3 Nc6 3. Bb5 a6 4. Ba4 Nf6 5. O-O Be7 6. Re1 b5 7. Bb3 O-O 8. h3
Bb7 9. d3 d5 10. Nc3 $6 {[%csl Rc2][%cal Gc6a5,Ga5b3] Les Blancs veulent
éviter le dangereux gambit Marshall mais le coup Nc3 manque de souplesse et
Na5 gagne la paire de B} (10. exd5 $142 Nxd5 11. Nxe5 {Transpose sur le gambit
Marshall} (11. c3) (11. Nbd2) 11... Nd4 12. Bd2 (12. Nc3) 12... c5 13. Nc3 Nxb3
14. axb3 Nb4 15. Ne4 f5 16. Ng3 Qd5 17. Nf3 {Karjakin,S (2747)-Onischuk,A 
(2688) Khanty-Mansiysk ol (Men) 39th 2010 (4.3) 1-0}) (10. exd5 Nxd5 11. a4 Nd4
12. Nxd4 exd4 13. axb5 axb5 14. Rxa8 Bxa8 15. Na3 Bb4 16. Re5 Bd6 17. Re1 Bb4
18. Re5 Bd6 19. Re1 Bb4 {1/2-1/2 (19) Topalov,V (2774)-Caruana,F (2782) Warsaw
2013}) 10... dxe4 11. dxe4 Qxd1 12. Nxd1 $146 (12. Rxd1 Nd4 $1 $146 {
Psychologiquement, c'est un trés fort coup car les Blancs voulaient éviter
les complications du gambit Marshall et maintenant, ils doivent faire face à
un gambit inconnu!} (12... Bd6 13. Re1 Na5 14. Bg5 Nxb3 $11 {Bilic,V (2257)
-Brenjo,S (2505) BIH-chT Vogosca 2007 (6) 1/2-1/2}) 13. Nxe5 Nxb3 14. axb3 Bd6
$44 {[%csl Gb7,Gd6] Récupère le P} 15. Ng4 (15. Bf4 Nxe4 (15... b4 16. Nd5))
(15. Nd3 Nxe4) 15... Nxe4 16. f3 $6 Ng3 17. Be3 Rfe8 18. Bd2 b4 $36 {les
pièces Blanches sont mal coordonnées et la paire de B des Noirs est trés
forte} 19. Na2 (19. Na4 {Probablement un moindre mal} Ne2+ 20. Kf1 Nd4 21. Ne3
a5 (21... Bf4 $2 22. Nf5 $1) 22. Rac1) 19... Ne2+ 20. Kf1 Nd4 (20... a5 {
[%csl Ra1,Ra2] La position Blanche est déjà critique}) 21. Rac1 {Les Blancs
ne peuvent même pas profiter de l'ouverture de la colonne "a"!} a5 $40 {
[%csl Ra2] le Na2 n'a plus de cases!}) (12. Rxd1 Bd6 13. Re1 Na5 14. Bg5 Nxb3
15. axb3 Nd7 16. Rad1 Nc5 17. Nd5 f6 18. Bc1 Rfd8 19. b4 Nxe4 20. Rxe4 Bf8 21.
Nxe5 Rxd5 22. Rxd5 Bxd5 23. Rd4 Bxg2 24. Kxg2 fxe5 25. Rd7 Bd6 26. Be3 Bxb4 27.
Rxc7 e4 28. c4 bxc4 29. Rxc4 a5 30. Rxe4 {1/2-1/2 (30) Bilic,V (2257)-Brenjo,S
(2505) Vogosca 2007}) 12... Nd4 $1 {Psychologiquement, c'est un trés fort
coup car les Blancs voulaient éviter les complications du gambit Marshall et
maintenant, ils doivent faire face à un gambit inconnu!} 13. Nxe5 Nxb3 14.
axb3 Bd6 $44 15. Ng4 $6 (15. Bf4 {Il semble plus sain de tenter de terminer le
développement}) 15... Nxe4 $15 16. f3 Ng3 17. Nc3 Rfe8 18. Bd2 b4 19. Na2 $6 {
[%csl Ra2]} (19. Nd1 $142 Ne2+ 20. Kf1 Nd4 21. Nde3 {[%cal Ge3c2]} f5 22. Nf2
f4 23. Nc4 Nxc2 24. Rxe8+ Rxe8 25. Rc1 Nd4 26. Nxd6 cxd6 27. Rc7 $44) 19...
Ne2+ 20. Kf1 Nd4 $40 {[%csl Gd4]} 21. Rac1 {la Ra1 ne peut même pas profiter
de l'ouverture de la colonne "a"!} a5 $19 {[%csl Ra2] le Na2 n'a plus de cases!
} 22. Rxe8+ Rxe8 23. Ne3 Ba6+ 0-1